000 00928nam a2200253 i 4500
001 32751
003 ES-MaACL
005 20250726064521.0
007 t|
008 030131s1920 py |||| | spa d
080 _a811.873.241
080 _a94(=873.241)
100 1 _aBertoni, Moisés S.
_928487
245 1 3 _aLa lengua guaraní como documento histórico
_b: estructura, fijeza, inalterabilidad : consecuencias para la etimología /
_cMoisés S. Bertoni (Helvetius).
260 _aPuerto Bertoni :
_bEx Sylvis,
_c1920.
300 _aP. 435-582 ;
_c23 cm.
490 1 _aAnales científicos paraguayos.
_aSerie II ;
_v6
546 _aTextos en español, francés y guaraní.
650 7 _aLengua guaraní
_2embne
_9162833
650 7 _aGuaraníes (Indios)
_2embne
_9162832
830 0 _aAnales científicos paraguayos.
_aSerie II ;
_v6
_9229430
852 _aES-MaACL
_j1664-F-3
999 _c32751
_d32751